Miasta w województwie Dolnośląskim, które posiadają bloki z windami. - Statystyki

Ogólne statystyki
  • Ten quiz został rozwiązany 65 razy
  • Średni wynik to 12 z 16
Statystyki odpowiedzi
Ludność Miasto % Poprawnych
75 429 Jelenia Góra
94%
113 606 Wałbrzych
92%
638 659 Wrocław
92%
99 381 Legnica
87%
75 147 Lubin
87%
67 317 Głogów
81%
26 845 Kłodzko
79%
30 374 zgorzelec
79%
38 852 Bolesławiec
77%
33 029 Oława
73%
57 041 Świdnica
73%
33 239 Dzierżoniów
69%
22 504 Polkowice
67%
37 169 Oleśnica
65%
29 971 Bielawa
46%
22 067 Nowa Ruda
40%
Nie znaleziono quizów pasujących do podanych kryteriów
Rozkład punktacji
Procent ludzi z każdym wynikiem
Percentyl według liczby udzielonych odpowiedzi
Twoja historia wyników
Nie rozwiązałeś tego quizu